平成に消滅・改称した滋賀県の市町村 - Statistics

General Stats
  • This quiz has been taken 23 times
  • The average score is 32 of 40
Answer Stats
変更年月日 変更内容 回答 変更後の市町村 % Correct
2005.01/01 新設合併 マキノ町 高島市
100%
2005.02/14 新設合併 米原町 米原市
89%
2010.03/21 新設合併 安土町 近江八幡市
89%
2004.10/01 新設合併 水口町 甲賀市
83%
2004.10/01 新設合併 甲賀町 甲賀市
83%
2004.10/01 新設合併 甲南町 甲賀市
83%
2004.10/01 新設合併 信楽町 甲賀市
83%
2004.10/01 新設合併 石部町 湖南市
83%
2005.01/01 新設合併 今津町 高島市
83%
2005.01/01 新設合併 朽木村 高島市
83%
2005.01/01 新設合併 高島町 高島市
83%
2005.02/11 新設合併 八日市市 東近江市
83%
2006.02/13 新設合併 長浜市 長浜市
83%
2006.03/20 編入合併 志賀町 大津市
83%
2010.01/01 編入合併 虎姫町 長浜市
83%
2010.01/01 編入合併 高月町 長浜市
83%
2010.01/01 編入合併 木之本町 長浜市
83%
2010.01/01 編入合併 余呉町 長浜市
83%
2010.03/21 新設合併 近江八幡市 近江八幡市
83%
2004.10/01 新設合併 野洲町 野洲市
83%
2004.10/01 新設合併 土山町 甲賀市
78%
2004.10/01 新設合併 中主町 野洲市
78%
2005.01/01 新設合併 安曇川町 高島市
78%
2005.02/11 新設合併 五個荘町 東近江市
78%
2005.02/11 新設合併 湖東町 東近江市
78%
2005.02/14 新設合併 伊吹町 米原市
78%
2006.01/01 編入合併 能登川町 東近江市
78%
2006.02/13 新設合併 秦荘町 愛荘町
78%
2004.10/01 新設合併 甲西町 湖南市
72%
2005.01/01 新設合併 新旭町 高島市
72%
2005.02/11 新設合併 永源寺町 東近江市
72%
2006.01/01 編入合併 蒲生町 東近江市
72%
2006.02/13 新設合併 浅井町 長浜市
72%
2006.02/13 新設合併 びわ町 長浜市
72%
2006.02/13 新設合併 愛知川町 愛荘町
72%
2010.01/01 編入合併 湖北町 長浜市
72%
2010.01/01 編入合併 西浅井町 長浜市
72%
2005.02/11 新設合併 愛東町 東近江市
67%
2005.10/01 編入合併 近江町 米原市
67%
2005.02/14 新設合併 山東町 米原市
61%
No matching quizzes found
Score Distribution
Percent of People with Each Score
Percentile by Number Answered
Your Score History
You have not taken this quiz